000 00710nam a22002417a 4500
001 BR9511382
003 BR-BrBNA
005 20230928094854.0
007 ta
008 230509b bl.||||| |||| 00| 0 por d
040 _aBR-BrBNA
_bpor
_cBiblioteca Nacional de Agricultura
041 _a(Por)
072 _aE12; D50
090 _ E12 BR9511382
110 1 _aServico de Apoio as Micro e Pequenas Empresas do Distrito Federal, Brasilia (Brasil)
_99295
245 1 _aManual do empregador rural: Leis trabalhistas
260 3 _aBrasilia, DF (Brasil):
_c1994.
300 _a60 p.
650 _aTrabalhador Rural
650 _aLegislacao Trabalhista
909 _a202309
_bLucia
_c55
_dLucia Elande
942 _cBK
999 _c53137
_d53137